000 004600000a22001810004500
003 MACL
005 20150919174301.0
008 150919b xxu||||| |||| 00| 0 eng d
040 _aMACL
_cMACL
041 _aEnglish
082 _a826/MOOR
100 _aMoore, Alvin
_912191
245 _aSelected Letters Of Ananda K. Coomaraswamy
260 _bOxford University Press
_c1988
_aNew Delhi
350 _a250
650 _aLetters
_912192
942 _cBK
_k826
_2ddc
999 _c5158
_d5158